Tough stuff (Record no. 137503)

000 -LEADER
fixed length control field 00307nam a2200121Ia 4500
008 - FIXED-LENGTH DATA ELEMENTS--GENERAL INFORMATION
fixed length control field 220120s9999||||xx |||||||||||||| ||und||
082 ## - DEWEY DECIMAL CLASSIFICATION NUMBER
Classification number 823 MUR
100 ## - MAIN ENTRY--PERSONAL NAME
Personal name Murray, Kirsty
9 (RLIN) 11957
245 #0 - TITLE STATEMENT
Title Tough stuff
260 ## - PUBLICATION, DISTRIBUTION, ETC.
Place of publication, distribution, etc. Allen and Unwin
Name of publisher, distributor, etc. New Delhi
Date of publication, distribution, etc. 1999
300 ## - PHYSICAL DESCRIPTION
Extent 207p.;28cm
Other physical details 0
650 ## - SUBJECT ADDED ENTRY--TOPICAL TERM
Topical term or geographic name entry element ELECTRONICS
Holdings
Withdrawn status Lost status Damaged status Not for loan Collection code Home library Current library Date acquired Total Checkouts Full call number Barcode Date last seen Date last checked out Price effective from Koha item type
        Humanity Science Central Library Central Library 01/20/2022 1 823 MUR GF1362 12/03/2022 11/17/2022 01/20/2022 Gift Books

Powered by Koha